<?xml version="1.0" encoding="UTF-8"?>
<record
    xmlns:xsi="http://www.w3.org/2001/XMLSchema-instance"
    xsi:schemaLocation="http://www.loc.gov/MARC21/slim http://www.loc.gov/standards/marcxml/schema/MARC21slim.xsd"
    xmlns="http://www.loc.gov/MARC21/slim">

  <leader>00574nam a2200169Ia 4500</leader>
  <controlfield tag="008">230718s9999    xx            000 0 und d</controlfield>
  <datafield tag="020" ind1=" " ind2=" ">
    <subfield code="a">9783540462422</subfield>
  </datafield>
  <datafield tag="041" ind1=" " ind2=" ">
    <subfield code="a">eng</subfield>
  </datafield>
  <datafield tag="082" ind1=" " ind2=" ">
    <subfield code="a">658.8'4</subfield>
    <subfield code="b">POT</subfield>
  </datafield>
  <datafield tag="100" ind1=" " ind2=" ">
    <subfield code="a">Poutre H.L. (Editor)</subfield>
    <subfield code="9">174982</subfield>
  </datafield>
  <datafield tag="245" ind1=" " ind2=" ">
    <subfield code="a">Agent-Mediated Electronic Commerce</subfield>
    <subfield code="b">Designing Trading Agents And Mechanisms, LNAI 3937</subfield>
  </datafield>
  <datafield tag="260" ind1=" " ind2=" ">
    <subfield code="c">2006</subfield>
    <subfield code="b">Springer Pub.</subfield>
  </datafield>
  <datafield tag="300" ind1=" " ind2=" ">
    <subfield code="a">225</subfield>
  </datafield>
  <datafield tag="365" ind1=" " ind2=" ">
    <subfield code="c">Rs.</subfield>
    <subfield code="b">995.00</subfield>
  </datafield>
  <datafield tag="700" ind1=" " ind2=" ">
    <subfield code="a">Poutre H.L. (Editor), Sadeh N.M. (Editor) &amp; Janson S. (Editor)</subfield>
    <subfield code="9">191688</subfield>
  </datafield>
  <datafield tag="906" ind1=" " ind2=" ">
    <subfield code="d">O:0133030-Nov-2010B:602627-Oct-2010</subfield>
    <subfield code="c">COMP</subfield>
    <subfield code="b">248.75</subfield>
  </datafield>
  <datafield tag="999" ind1=" " ind2=" ">
    <subfield code="c">326502</subfield>
    <subfield code="d">326502</subfield>
  </datafield>
  <datafield tag="952" ind1=" " ind2=" ">
    <subfield code="0">0</subfield>
    <subfield code="1">0</subfield>
    <subfield code="4">0</subfield>
    <subfield code="7">0</subfield>
    <subfield code="a">CCEP</subfield>
    <subfield code="b">CCEP</subfield>
    <subfield code="d">2010-11-30</subfield>
    <subfield code="e">Tbs</subfield>
    <subfield code="f">COMP</subfield>
    <subfield code="g">746.25</subfield>
    <subfield code="i">6026</subfield>
    <subfield code="l">0</subfield>
    <subfield code="o">658.8'4</subfield>
    <subfield code="p">CCEP-BK-37709</subfield>
    <subfield code="r">2023-07-18 00:00:00</subfield>
    <subfield code="t">248.75</subfield>
    <subfield code="v">995.00</subfield>
    <subfield code="w">2010-10-27</subfield>
    <subfield code="y">BK</subfield>
    <subfield code="z">037709</subfield>
  </datafield>
</record>
